Statistiques concernant Villes de l'Allier de plus de 10 000 hab

Cliquez ici pour prendre le quiz!

Statistiques générales

  • Ce quiz a été pris 23 fois
  • Le résultat moyen est 4 sur 5

Statistiques - réponses

VillePopulation% Correct
Montluçon31 670
100%
Moulins19 169
100%
Vichy26 178
100%
Yzeure12 373
64%
Cusset12 909
45%

Distribution des résultats

Percentile par nombre de réponses

% des personnes avec chaque résultat

Votre développement - résultats

Vous n’avez pas pris ce quiz